Филолого-коммуникативные исследования (Запись № 9813522)

Подробности
000 -МАРКЕР
контрольное поле 01887nas1a22003131 4500
001 - ИДЕНТИФИКАТОР ЗАПИСИ
контрольное поле RU\NLR\Per\1116829
005 - ИДЕНТИФИКАТОР ВЕРСИИ
контрольное поле 20260408121940.0
035 ## - ДРУГИЕ СИСТЕМНЫЕ НОМЕРА
Идентификатор записи (NLR Aleph) 010719774
100 ## - ДАННЫЕ ОБЩЕЙ ОБРАБОТКИ
Данные общей обработки 20251221 rusy50
101 0# - ЯЗЫК РЕСУРСА
Язык текста, звукозаписи и т.д. русский
102 ## - СТРАНА ПУБЛИКАЦИИ ИЛИ ПРОИЗВОДСТВА
Страна публикации Российская Федерация
110 ## - ПОЛЕ КОДИРОВАННЫХ ДАННЫХ: ПРОДОЛЖАЮЩИЕСЯ РЕСУРСЫ
Кодированные данные продолжающегося ресурса zk|||||||||
200 1# - ЗАГЛАВИЕ И СВЕДЕНИЯ ОБ ОТВЕТСТВЕННОСТИ
Основное заглавие Филолого-коммуникативные исследования
Параллельное заглавие Philological studies of communication
Сведения, относящиеся к заглавию ежегодник
Первые сведения об ответственности ФГБОУ ВПО "Алт. гос. ун-т", Науч.-образоват. центр филол. исслед. коммуникации, Каф. соврем. рус. яз. и речевой коммуникации
Язык параллельного заглавия английский
207 #0 - ОБЛАСТЬ СПЕЦИФИЧЕСКИХ СВЕДЕНИЙ: НУМЕРАЦИЯ ПРОДОЛЖАЮЩИХСЯ РЕСУРСОВ
Нумерация: даты и обозначения томов 2014
210 ## - ПУБЛИКАЦИЯ, РАСПРОСТРАНЕНИЕ И ДР.
Место издания, распространения и т.д. Барнаул
Имя издателя, распространителя и т. д. Изд-во Алтайского государственного университета
Дата издания, распространения и т.д. 2014
311 ## - ПРИМЕЧАНИЯ, ОТНОСЯЩИЕСЯ К ПОЛЯМ СВЯЗИ (ПРИМЕЧАНИЯ О СВЯЗИ С ДРУГИМИ ПРОИЗВЕДЕНИЯМИ (ИЗДАНИЯМИ))
Текст примечания Продолжается в электрон. виде (электрон. опт. диски)
440 #0 - ПРОДОЛЖАЕТСЯ ПОД ...
Встроенное поле 001RU\NLR\BIBL_A\012049810
-- 2001#$aФилолого-коммуникативные исследования$bЭлектронный ресурс
510 1# - ПАРАЛЛЕЛЬНОЕ ЗАГЛАВИЕ
Параллельное заглавие Philological studies of communication
Язык заглавия английский
606 1# - НАИМЕНОВАНИЕ ТЕМЫ КАК ПРЕДМЕТ
Наименование темы Филология
Формальный подзаголовок Периодические издания
Системный номер авторитетной/нормативной записи 921663
Идентификатор авторитетной/нормативной записи RU\NLR\AUTH\6619068
686 1# - ИНДЕКСЫ ДРУГИХ КЛАССИФИКАЦИЙ
Индекс Ш.я52
712 02 - НАИМЕНОВАНИЕ ОРГАНИЗАЦИИ - ВТОРИЧНАЯ ОТВЕТСТВЕННОСТЬ
Код отношения Прочие
Начальный элемент ввода Алтайский государственный университет
Идентифицирующий признак Барнаул
Структурное подразделение Научно-образовательный центр филологических исследований коммуникации
Идентификатор авторитетной/нормативной записи RU\NLR\AUTH\880404045
Системный номер авторитетной/нормативной записи 475103
852 ## - МЕСТОНАХОЖДЕНИЕ И ШИФР ХРАНЕНИЯ
Идентификатор организации NLR
Шифр хранения (Call Number) П34/2242
942 ## - ДОПОЛНИТЕЛЬНЫЕ ЭЛЕМЕНТЫ ЗАПИСИ (АБИС)
Тип экземпляра АБИС Продолжающееся издание
980 ## - КОЛЛЕКЦИЯ
Название коллекции Национальная библиография
980 ## - КОЛЛЕКЦИЯ
Название коллекции Русская периодика

Нет доступных экземпляров.